000 01390cam a22004094a 4500
001 muse93026
003 MdBmJHUP
005 20210127151833.0
006 m o d
007 cr||||||||nn|n
008 200922s2020 be o 00 0 eng d
020 _a9789461663139
020 _z9461663137
020 _z9789461663146
020 _z9461663145
020 _z9789462702110
035 _a(OCoLC)1196818435
040 _aMdBmJHUP
_cMdBmJHUP
245 0 0 _aPerforming Hysteria
_bImages and Imaginations of Hysteria /
_cedited by Johanna Braun.
264 1 _bLeuven University Press,
264 3 _bProject MUSE,
300 _a1 online resource (1 online resource 264 pages)
506 0 _aOpen Access
_fUnrestricted online access
_2star
588 _aDescription based on print version record.
650 0 _aHysteria (Social psychology) in literature.
650 0 _aHysteria (Social psychology)
655 0 _aElectronic books.
655 7 _aElectronic books.
_2local
700 1 _aBraun, Johanna,
_eeditor.
_4edt
710 2 _aProject Muse.
_edistributor
830 0 _aBook collections on Project MUSE.
856 4 0 _zFull text available:
_uhttps://muse.jhu.edu/book/78723/
999 _c27210
_d27210